000 00280nam a2200121Ia 4500
008 191201s2009 xx 000 0 und d
100 _aLESIKAR,raymond
245 0 _aBusiness Communication
260 _aN. delhi
_bTMH
_c2009
300 _a737
650 _aBBA
942 _2ddc
_cBK
_02
999 _c6588
_d6588